000 00644nam a2200205 a 4500
005 20140412111351.0
008 050426s19uu xx 00 eng d
020 _a0-02-660953-3
050 _aTR(GS 372.4
_bC1 2000
100 _aCrimi, Carolyn
245 _aClaude the tiger :
_bdecodable book /
_cby Carolyn Crimi ; illustrated by Len Epstein.
260 _aColumbus, Ohio :
_bSRA/McGraw-Hill,
_c2000.
300 _a8 p. ; ill.
440 _aSRA Open Court Reading
500 _aLevel C, Set 1, Book 22
650 _aReading
_xPhonetic
_xJuvenile literature
650 _aTiger
_xFiction
650 _aChildren stories
999 _c105315
_d105315